{"text_format":"3","workbook":"xlsx","n_sheets":1,"sheets":["Worksheet"],"read":"whole","date_system":"1900"}

{"sheet":"Worksheet","index":0,"n_rows":204,"n_cols":19,"rows_kept":204}
["№","Код участника","Название ОУ","СНИЛС","Фамилия","Имя","Отчество","Пол","Дата рождения","Участник с ОВЗ","Класс","Класс участия","Балл","Макс. балл","Статус","Призер МЭ прошлого года","Учитель","Место работы учителя","Предмет"]
[491751,"401024_16246927181_35","МБОУ \"Лицей-интернат №24\" НМР РТ",16246927181,"Абдуллин","Тимур","Давирович","м","25.09.2010","нет",7,7,1,100,"участник",null,"Петров Ринат Викторович","МБОУ «Лицей-интернат №24» НМР РТ","Физическая культура"]
[491752,"401024_15886476939_35","МБОУ \"Лицей-интернат №24\" НМР РТ",15886476939,"Аглямов","Райнур","Рустамович","м","15.03.2010","нет",7,7,2,100,"участник",null,"Петров Ринат Викторович","МБОУ «Лицей-интернат №24» НМР РТ","Физическая культура"]
[491753,"401024_15898858565_35","МБОУ \"Лицей-интернат №24\" НМР РТ",15898858565,"Артемьев","Артем","Романович","м","19.12.2009","нет",7,7,3,100,"участник",null,"Петров Ринат Викторович","МБОУ «Лицей-интернат №24» НМР РТ","Физическая культура"]
[491754,"401024_19771238917_35","МБОУ \"Лицей-интернат №24\" НМР РТ",19771238917,"Ахунов","Булат","Маратович","м","28.04.2010","нет",7,7,4,100,"участник",null,"Петров Ринат Викторович","МБОУ «Лицей-интернат №24» НМР РТ","Физическая культура"]
[491755,"401024_17247637286_35","МБОУ \"Лицей-интернат №24\" НМР РТ",17247637286,"Бадрутдинов","Тимур","Эдуардович","м","17.03.2010","нет",7,7,5,100,"участник",null,"Петров Ринат Викторович","МБОУ «Лицей-интернат №24» НМР РТ","Физическая культура"]
[491756,"401024_16161545854_35","МБОУ \"Лицей-интернат №24\" НМР РТ",16161545854,"Баянов","Андрей","Владимирович","м","11.08.2010","нет",7,7,6,100,"участник",null,"Петров Ринат Викторович","МБОУ «Лицей-интернат №24» НМР РТ","Физическая культура"]
[491757,"401024_16635349588_35","МБОУ \"Лицей-интернат №24\" НМР РТ",16635349588,"Бендюков","Савелий","Алексеевич","м","25.01.2010","нет",7,7,96,100,"победитель",null,"Петров Ринат Викторович","МБОУ «Лицей-интернат №24» НМР РТ","Физическая культура"]
[491758,"401024_16243363651_35","МБОУ \"Лицей-интернат №24\" НМР РТ",16243363651,"Габдрахманов","Дамир","Ильнарович","м","26.05.2010","нет",7,7,7,100,"участник",null,"Петров Ринат Викторович","МБОУ «Лицей-интернат №24» НМР РТ","Физическая культура"]
[491759,"401024_16108114119_35","МБОУ \"Лицей-интернат №24\" НМР РТ",16108114119,"Гарипов","Карим","Айдарович","м","03.06.2010","нет",7,7,8,100,"участник",null,"Петров Ринат Викторович","МБОУ «Лицей-интернат №24» НМР РТ","Физическая культура"]
[491760,"401024_17129814677_35","МБОУ \"Лицей-интернат №24\" НМР РТ",17129814677,"Ермолаев","Илья","Дмитриевич","м","24.02.2010","нет",7,7,9,100,"участник",null,"Петров Ринат Викторович","МБОУ «Лицей-интернат №24» НМР РТ","Физическая культура"]
[491761,"401024_16226716257_35","МБОУ \"Лицей-интернат №24\" НМР РТ",16226716257,"Зимирев","Артур","Евгеньевич","м","05.11.2009","нет",7,7,null,100,"участник",null,"Петров Ринат Викторович","МБОУ «Лицей-интернат №24» НМР РТ","Физическая культура"]
[491762,"401024_16082613653_35","МБОУ \"Лицей-интернат №24\" НМР РТ",16082613653,"Исламов","Камиль","Зиннурович","м","07.06.2010","нет",7,7,1,100,"участник",null,"Петров Ринат Викторович","МБОУ «Лицей-интернат №24» НМР РТ","Физическая культура"]
[491763,"401024_16231571137_35","МБОУ \"Лицей-интернат №24\" НМР РТ",16231571137,"Курманов","Карим","Ринатович","м","10.06.2010","нет",7,7,2,100,"участник",null,"Петров Ринат Викторович","МБОУ «Лицей-интернат №24» НМР РТ","Физическая культура"]
[491764,"401024_16079772601_35","МБОУ \"Лицей-интернат №24\" НМР РТ",16079772601,"Мартышев","Илья","Сабирович","м","01.06.2010","нет",7,7,3,100,"участник",null,"Петров Ринат Викторович","МБОУ «Лицей-интернат №24» НМР РТ","Физическая культура"]
[491765,"401024_17822463991_35","МБОУ \"Лицей-интернат №24\" НМР РТ",17822463991,"Мусин","Амирхан","Рустемович","м","19.06.2010","нет",7,7,93,100,"призер",null,"Петров Ринат Викторович","МБОУ «Лицей-интернат №24» НМР РТ","Физическая культура"]
[491766,"401024_15847257100_35","МБОУ \"Лицей-интернат №24\" НМР РТ",15847257100,"Мухаметгалиев","Данис","Ильнарович","м","06.03.2010","нет",7,7,4,100,"участник",null,"Петров Ринат Викторович","МБОУ «Лицей-интернат №24» НМР РТ","Физическая культура"]
[491767,"401024_15894049411_35","МБОУ \"Лицей-интернат №24\" НМР РТ",15894049411,"Пермяков","Олег","Андреевич","м","06.04.2010","нет",7,7,5,100,"участник",null,"Петров Ринат Викторович","МБОУ «Лицей-интернат №24» НМР РТ","Физическая культура"]
[491768,"401024_16251158343_35","МБОУ \"Лицей-интернат №24\" НМР РТ",16251158343,"Сайфутдинов","Эдгар","Радикович","м","10.08.2010","нет",7,7,6,100,"участник",null,"Петров Ринат Викторович","МБОУ «Лицей-интернат №24» НМР РТ","Физическая культура"]
[491769,"401024_16155137045_35","МБОУ \"Лицей-интернат №24\" НМР РТ",16155137045,"Сытин","Михаил","Константинович","м","29.04.2010","нет",7,7,7,100,"участник",null,"Петров Ринат Викторович","МБОУ «Лицей-интернат №24» НМР РТ","Физическая культура"]
[491770,"401024_16135940761_35","МБОУ \"Лицей-интернат №24\" НМР РТ",16135940761,"Усманов","Константин","Дмитриевич","м","28.06.2010","нет",7,7,8,100,"участник",null,"Петров Ринат Викторович","МБОУ «Лицей-интернат №24» НМР РТ","Физическая культура"]
[491771,"401024_15732964491_35","МБОУ \"Лицей-интернат №24\" НМР РТ",15732964491,"Хаертдинов","Самат","Русланович","м","18.11.2009","нет",7,7,9,100,"участник",null,"Петров Ринат Викторович","МБОУ «Лицей-интернат №24» НМР РТ","Физическая культура"]
[491772,"401024_16159299495_35","МБОУ \"Лицей-интернат №24\" НМР РТ",16159299495,"Шайдуллин","Айбулат","Айдарович","м","29.06.2010","нет",7,7,null,100,"участник",null,"Петров Ринат Викторович","МБОУ «Лицей-интернат №24» НМР РТ","Физическая культура"]
[491773,"401024_15732865489_35","МБОУ \"Лицей-интернат №24\" НМР РТ",15732865489,"Шандыров","Роман","Витальевич","м","11.12.2009","нет",7,7,1,100,"участник",null,"Петров Ринат Викторович","МБОУ «Лицей-интернат №24» НМР РТ","Физическая культура"]
[491774,"401024_15819686923_35","МБОУ \"Лицей-интернат №24\" НМР РТ",15819686923,"Шикин","Глеб","Максимович","м","05.03.2010","нет",7,7,2,100,"участник",null,"Петров Ринат Викторович","МБОУ «Лицей-интернат №24» НМР РТ","Физическая культура"]
[491775,"401024_17533465076_35","МБОУ \"Лицей-интернат №24\" НМР РТ",17533465076,"Юсупов","Билал","Ильнурович","м","05.03.2010","нет",7,7,3,100,"участник",null,"Петров Ринат Викторович","МБОУ «Лицей-интернат №24» НМР РТ","Физическая культура"]
[491776,"401024_16528661895_35","МБОУ \"Лицей-интернат №24\" НМР РТ",16528661895,"Ахметшин","Рамир","Русланович","м","07.10.2010","нет",7,7,4,100,"участник",null,"Петров Ринат Викторович","МБОУ «Лицей-интернат №24» НМР РТ","Физическая культура"]
[491777,"401024_16392093175_35","МБОУ \"Лицей-интернат №24\" НМР РТ",16392093175,"Баев","Самир","Ленарович","м","10.03.2010","нет",7,7,5,100,"участник",null,"Петров Ринат Викторович","МБОУ «Лицей-интернат №24» НМР РТ","Физическая культура"]
[491778,"401024_16243364350_35","МБОУ \"Лицей-интернат №24\" НМР РТ",16243364350,"Гапонов","Степан","Евгеньевич","м","06.04.2010","нет",7,7,6,100,"участник",null,"Петров Ринат Викторович","МБОУ «Лицей-интернат №24» НМР РТ","Физическая культура"]
[491779,"401024_16192988406_35","МБОУ \"Лицей-интернат №24\" НМР РТ",16192988406,"Головачев","Глеб","Владимирович","м","17.06.2010","нет",7,7,7,100,"участник",null,"Петров Ринат Викторович","МБОУ «Лицей-интернат №24» НМР РТ","Физическая культура"]
[491780,"401024_15842380478_35","МБОУ \"Лицей-интернат №24\" НМР РТ",15842380478,"Денисов","Ярослав","Сергеевич","м","07.12.2009","нет",7,7,8,100,"участник",null,"Петров Ринат Викторович","МБОУ «Лицей-интернат №24» НМР РТ","Физическая культура"]
[491781,"401024_15960399205_35","МБОУ \"Лицей-интернат №24\" НМР РТ",15960399205,"Ибрагимов","Ильяс","Рамилевич","м","09.04.2010","нет",7,7,4,100,"участник",null,"Петров Ринат Викторович","МБОУ «Лицей-интернат №24» НМР РТ","Физическая культура"]
[491782,"401024_16221192729_35","МБОУ \"Лицей-интернат №24\" НМР РТ",16221192729,"Колпаков","Матвей","Евгеньевич","м","03.09.2010","нет",7,7,5,100,"участник",null,"Петров Ринат Викторович","МБОУ «Лицей-интернат №24» НМР РТ","Физическая культура"]
[491783,"401024_16130119814_35","МБОУ \"Лицей-интернат №24\" НМР РТ",16130119814,"Корнилов","Вадим","Дмитриевич","м","22.04.2010","нет",7,7,6,100,"участник",null,"Петров Ринат Викторович","МБОУ «Лицей-интернат №24» НМР РТ","Физическая культура"]
[491784,"401024_16298650305_35","МБОУ \"Лицей-интернат №24\" НМР РТ",16298650305,"Крешков","Даниил","Вячеславович","м","06.10.2010","нет",7,7,7,100,"участник",null,"Петров Ринат Викторович","МБОУ «Лицей-интернат №24» НМР РТ","Физическая культура"]
[491785,"401024_16226703046_35","МБОУ \"Лицей-интернат №24\" НМР РТ",16226703046,"Лобанов","Кирилл","Дмитриевич","м","06.09.2010","нет",7,7,8,100,"участник",null,"Петров Ринат Викторович","МБОУ «Лицей-интернат №24» НМР РТ","Физическая культура"]
[491786,"401024_16416646270_35","МБОУ \"Лицей-интернат №24\" НМР РТ",16416646270,"Морозов","Родион","Евгеньевич","м","03.02.2011","нет",7,7,9,100,"участник",null,"Петров Ринат Викторович","МБОУ «Лицей-интернат №24» НМР РТ","Физическая культура"]
[491787,"401024_16360834567_35","МБОУ \"Лицей-интернат №24\" НМР РТ",16360834567,"Мухаметшин","Давид","Рустамович","м","04.08.2010","нет",7,7,null,100,"участник",null,"Петров Ринат Викторович","МБОУ «Лицей-интернат №24» НМР РТ","Физическая культура"]
[491788,"401024_16289050886_35","МБОУ \"Лицей-интернат №24\" НМР РТ",16289050886,"Савельев","Тимур","Дмитриевич","м","21.10.2010","нет",7,7,1,100,"участник",null,"Петров Ринат Викторович","МБОУ «Лицей-интернат №24» НМР РТ","Физическая культура"]
[491789,"401024_16063153739_35","МБОУ \"Лицей-интернат №24\" НМР РТ",16063153739,"Санников","Егор","Иванович","м","23.04.2010","нет",7,7,2,100,"участник",null,"Петров Ринат Викторович","МБОУ «Лицей-интернат №24» НМР РТ","Физическая культура"]
[491790,"401024_17203994367_35","МБОУ \"Лицей-интернат №24\" НМР РТ",17203994367,"Федоров","Макар","Александрович","м","19.03.2010","нет",7,7,3,100,"участник",null,"Петров Ринат Викторович","МБОУ «Лицей-интернат №24» НМР РТ","Физическая культура"]
[491791,"401024_16148565580_35","МБОУ \"Лицей-интернат №24\" НМР РТ",16148565580,"Якимов","Максим","Максимович","м","21.07.2010","нет",7,7,11,100,"участник",null,"Петров Ринат Викторович","МБОУ «Лицей-интернат №24» НМР РТ","Физическая культура"]
[491792,"401024_15823041752_35","МБОУ \"Лицей-интернат №24\" НМР РТ",15823041752,"Анисимов","Павел","Арсеньевич","м","07.04.2009","нет",8,8,24,100,"участник",null,"Петров Ринат Викторович","МБОУ «Лицей-интернат №24» НМР РТ","Физическая культура"]
[491793,"401024_15595531194_35","МБОУ \"Лицей-интернат №24\" НМР РТ",15595531194,"Ахметшин","Амир","Русланович","м","07.07.2009","нет",8,8,1,100,"участник",null,"Петров Ринат Викторович","МБОУ «Лицей-интернат №24» НМР РТ","Физическая культура"]
[491794,"401024_15616088672_35","МБОУ \"Лицей-интернат №24\" НМР РТ",15616088672,"Бердников","Ярослав","Евгеньевич","м","19.09.2009","нет",8,8,32,100,"участник",null,"Петров Ринат Викторович","МБОУ «Лицей-интернат №24» НМР РТ","Физическая культура"]
[491795,"401024_15423877070_35","МБОУ \"Лицей-интернат №24\" НМР РТ",15423877070,"Биктагиров","Камиль","Вахитович","м","06.03.2009","нет",8,8,4,100,"участник",null,"Петров Ринат Викторович","МБОУ «Лицей-интернат №24» НМР РТ","Физическая культура"]
[491796,"401024_15423877171_35","МБОУ \"Лицей-интернат №24\" НМР РТ",15423877171,"Биктагиров","Нияз","Вахитович","м","06.03.2009","нет",8,8,5,100,"участник",null,"Петров Ринат Викторович","МБОУ «Лицей-интернат №24» НМР РТ","Физическая культура"]
[491797,"401024_15909883724_35","МБОУ \"Лицей-интернат №24\" НМР РТ",15909883724,"Гаврилов","Вадим","Павлович","м","10.11.2008","нет",8,8,6,100,"участник",null,"Петров Ринат Викторович","МБОУ «Лицей-интернат №24» НМР РТ","Физическая культура"]
[491798,"401024_15643166063_35","МБОУ \"Лицей-интернат №24\" НМР РТ",15643166063,"Гатауллин","Данияр","Айратович","м","25.09.2009","нет",8,8,7,100,"участник",null,"Петров Ринат Викторович","МБОУ «Лицей-интернат №24» НМР РТ","Физическая культура"]
[491799,"401024_16013448930_35","МБОУ \"Лицей-интернат №24\" НМР РТ",16013448930,"Дмитриев","Глеб","Николаевич","м","11.02.2009","нет",8,8,8,100,"участник",null,"Петров Ринат Викторович","МБОУ «Лицей-интернат №24» НМР РТ","Физическая культура"]
[491800,"401024_15503074229_35","МБОУ \"Лицей-интернат №24\" НМР РТ",15503074229,"Ибатуллин","Амир","Азатович","м","20.05.2009","нет",8,8,9,100,"участник",null,"Петров Ринат Викторович","МБОУ «Лицей-интернат №24» НМР РТ","Физическая культура"]
[491801,"401024_17576632411_35","МБОУ \"Лицей-интернат №24\" НМР РТ",17576632411,"Измайлов","Артем","Маратович","м","28.10.2009","нет",8,8,null,100,"участник",null,"Петров Ринат Викторович","МБОУ «Лицей-интернат №24» НМР РТ","Физическая культура"]
[491802,"401024_15435726368_35","МБОУ \"Лицей-интернат №24\" НМР РТ",15435726368,"Калимуллин","Амир","Наилович","м","07.04.2009","нет",8,8,1,100,"участник",null,"Петров Ринат Викторович","МБОУ «Лицей-интернат №24» НМР РТ","Физическая культура"]
[491803,"401024_15512899076_35","МБОУ \"Лицей-интернат №24\" НМР РТ",15512899076,"Киямов","Аяз","Русланович","м","12.05.2009","нет",8,8,2,100,"участник",null,"Петров Ринат Викторович","МБОУ «Лицей-интернат №24» НМР РТ","Физическая культура"]
[491804,"401024_15645726085_35","МБОУ \"Лицей-интернат №24\" НМР РТ",15645726085,"Малыгин","Егор","Евгеньевич","м","03.10.2009","нет",8,8,3,100,"участник",null,"Петров Ринат Викторович","МБОУ «Лицей-интернат №24» НМР РТ","Физическая культура"]
[491805,"401024_15387516996_35","МБОУ \"Лицей-интернат №24\" НМР РТ",15387516996,"Менебаев","Вахит","Азатович","м","15.12.2008","нет",8,8,4,100,"участник",null,"Петров Ринат Викторович","МБОУ «Лицей-интернат №24» НМР РТ","Физическая культура"]
[491806,"401024_15466759103_35","МБОУ \"Лицей-интернат №24\" НМР РТ",15466759103,"Муртазин","Сайдаш","Маратович","м","05.01.2009","нет",8,8,5,100,"участник",null,"Петров Ринат Викторович","МБОУ «Лицей-интернат №24» НМР РТ","Физическая культура"]
[491807,"401024_15716261970_35","МБОУ \"Лицей-интернат №24\" НМР РТ",15716261970,"Николаев","Михаил","Андреевич","м","22.11.2009","нет",8,8,6,100,"участник",null,"Петров Ринат Викторович","МБОУ «Лицей-интернат №24» НМР РТ","Физическая культура"]
[491808,"401024_15651134248_35","МБОУ \"Лицей-интернат №24\" НМР РТ",15651134248,"Нуриев","Эмиль","Наилевич","м","31.10.2009","нет",8,8,7,100,"участник",null,"Петров Ринат Викторович","МБОУ «Лицей-интернат №24» НМР РТ","Физическая культура"]
[491809,"401024_15577376004_35","МБОУ \"Лицей-интернат №24\" НМР РТ",15577376004,"Пастухов","Игорь","Николаевич","м","26.05.2009","нет",8,8,8,100,"участник",null,"Петров Ринат Викторович","МБОУ «Лицей-интернат №24» НМР РТ","Физическая культура"]
[491810,"401024_16420667052_35","МБОУ \"Лицей-интернат №24\" НМР РТ",16420667052,"Сахибгареев","Мурат","Марсович","м","13.03.2009","нет",8,8,9,100,"участник",null,"Петров Ринат Викторович","МБОУ «Лицей-интернат №24» НМР РТ","Физическая культура"]
[491811,"401024_16408992900_35","МБОУ \"Лицей-интернат №24\" НМР РТ",16408992900,"Складчиков","Данила","Сергеевич","м","01.04.2009","нет",8,8,null,100,"участник",null,"Петров Ринат Викторович","МБОУ «Лицей-интернат №24» НМР РТ","Физическая культура"]
[491812,"401024_16440432239_35","МБОУ \"Лицей-интернат №24\" НМР РТ",16440432239,"Сычев","Дмитрий","Анатольевич","м","05.05.2009","нет",8,8,1,100,"участник",null,"Петров Ринат Викторович","МБОУ «Лицей-интернат №24» НМР РТ","Физическая культура"]
[491813,"401024_17270922571_35","МБОУ \"Лицей-интернат №24\" НМР РТ",17270922571,"Федоров","Максим","Николаевич","м","02.11.2009","нет",8,8,2,100,"участник",null,"Петров Ринат Викторович","МБОУ «Лицей-интернат №24» НМР РТ","Физическая культура"]
[491814,"401024_15645170973_35","МБОУ \"Лицей-интернат №24\" НМР РТ",15645170973,"Федоров","Степан","Артемович","м","09.10.2009","нет",8,8,3,100,"участник",null,"Петров Ринат Викторович","МБОУ «Лицей-интернат №24» НМР РТ","Физическая культура"]
[491815,"401024_15724958803_35","МБОУ \"Лицей-интернат №24\" НМР РТ",15724958803,"Чернышев","Илья","Александрович","м","14.06.2009","нет",8,8,4,100,"участник",null,"Петров Ринат Викторович","МБОУ «Лицей-интернат №24» НМР РТ","Физическая культура"]
[491816,"401024_16406101222_35","МБОУ \"Лицей-интернат №24\" НМР РТ",16406101222,"Шакиров","Алим","Земфирович","м","14.01.2009","нет",8,8,5,100,"участник",null,"Петров Ринат Викторович","МБОУ «Лицей-интернат №24» НМР РТ","Физическая культура"]
[491817,"401024_16379102274_35","МБОУ \"Лицей-интернат №24\" НМР РТ",16379102274,"Андреев","Данис","Артемович","м","28.08.2009","нет",8,8,6,100,"участник",null,"Петров Ринат Викторович","МБОУ «Лицей-интернат №24» НМР РТ","Физическая культура"]
[491818,"401024_16587272713_35","МБОУ \"Лицей-интернат №24\" НМР РТ",16587272713,"Ганиев","Тимур","Эрикович","м","09.04.2009","нет",8,8,7,100,"участник",null,"Петров Ринат Викторович","МБОУ «Лицей-интернат №24» НМР РТ","Физическая культура"]
[491819,"401024_15538704178_35","МБОУ \"Лицей-интернат №24\" НМР РТ",15538704178,"Ершин","Георгий","Сергеевич","м","25.06.2009","нет",8,8,8,100,"участник",null,"Петров Ринат Викторович","МБОУ «Лицей-интернат №24» НМР РТ","Физическая культура"]
[491820,"401024_15762722586_35","МБОУ \"Лицей-интернат №24\" НМР РТ",15762722586,"Колесников","Герман","Вадимович","м","16.11.2009","нет",8,8,9,100,"участник",null,"Петров Ринат Викторович","МБОУ «Лицей-интернат №24» НМР РТ","Физическая культура"]
[491821,"401024_17541894398_35","МБОУ \"Лицей-интернат №24\" НМР РТ",17541894398,"Красильников","Кирилл","Артёмович","м","14.12.2008","нет",8,8,null,100,"участник",null,"Петров Ринат Викторович","МБОУ «Лицей-интернат №24» НМР РТ","Физическая культура"]
[491822,"401024_16079741489_35","МБОУ \"Лицей-интернат №24\" НМР РТ",16079741489,"Макарихин","Владислав","Денисович","м","26.12.2008","нет",8,8,1,100,"участник",null,"Петров Ринат Викторович","МБОУ «Лицей-интернат №24» НМР РТ","Физическая культура"]
[491823,"401024_15538664900_35","МБОУ \"Лицей-интернат №24\" НМР РТ",15538664900,"Миндаров","Малик","Рустемович","м","03.06.2009","нет",8,8,2,100,"участник",null,"Петров Ринат Викторович","МБОУ «Лицей-интернат №24» НМР РТ","Физическая культура"]
[491824,"401024_16187663902_35","МБОУ \"Лицей-интернат №24\" НМР РТ",16187663902,"Мугизов","Ильдар","Ахтямович","м","17.01.2010","нет",8,8,3,100,"участник",null,"Петров Ринат Викторович","МБОУ «Лицей-интернат №24» НМР РТ","Физическая культура"]
[491825,"401024_15677359213_35","МБОУ \"Лицей-интернат №24\" НМР РТ",15677359213,"Мусин","Алмаз","Альбертович","м","23.10.2009","нет",8,8,4,100,"участник",null,"Петров Ринат Викторович","МБОУ «Лицей-интернат №24» НМР РТ","Физическая культура"]
[491826,"401024_15700554646_35","МБОУ \"Лицей-интернат №24\" НМР РТ",15700554646,"Мухаметшин","Рустем","Артурович","м","26.10.2009","нет",8,8,5,100,"участник",null,"Петров Ринат Викторович","МБОУ «Лицей-интернат №24» НМР РТ","Физическая культура"]
[491827,"401024_16171253241_35","МБОУ \"Лицей-интернат №24\" НМР РТ",16171253241,"Никонов","Михаил","Алексеевич","м","17.01.2009","нет",8,8,6,100,"участник",null,"Петров Ринат Викторович","МБОУ «Лицей-интернат №24» НМР РТ","Физическая культура"]
[491828,"401024_16160484047_35","МБОУ \"Лицей-интернат №24\" НМР РТ",16160484047,"Новиков","Николай","Олегович","м","25.11.2008","нет",8,8,7,100,"участник",null,"Петров Ринат Викторович","МБОУ «Лицей-интернат №24» НМР РТ","Физическая культура"]
[491829,"401024_15807139878_35","МБОУ \"Лицей-интернат №24\" НМР РТ",15807139878,"Рафиков","Али","Артурович","м","04.03.2009","нет",8,8,8,100,"участник",null,"Петров Ринат Викторович","МБОУ «Лицей-интернат №24» НМР РТ","Физическая культура"]
[491830,"401024_15503313221_35","МБОУ \"Лицей-интернат №24\" НМР РТ",15503313221,"Сабиров","Артур","Василевич","м","14.01.2009","нет",8,8,9,100,"участник",null,"Петров Ринат Викторович","МБОУ «Лицей-интернат №24» НМР РТ","Физическая культура"]
[491831,"401024_15643703063_35","МБОУ \"Лицей-интернат №24\" НМР РТ",15643703063,"Сармаев","Максим","Валерьевич","м","14.09.2009","нет",8,8,null,100,"участник",null,"Петров Ринат Викторович","МБОУ «Лицей-интернат №24» НМР РТ","Физическая культура"]
[491832,"401024_15785046801_35","МБОУ \"Лицей-интернат №24\" НМР РТ",15785046801,"Файзуллин","Тимур","Айратович","м","18.03.2009","нет",8,8,1,100,"участник",null,"Петров Ринат Викторович","МБОУ «Лицей-интернат №24» НМР РТ","Физическая культура"]
[491833,"401024_15674795218_35","МБОУ \"Лицей-интернат №24\" НМР РТ",15674795218,"Федотов","Кирилл","Вячеславович","м","02.02.2009","нет",8,8,2,100,"участник",null,"Петров Ринат Викторович","МБОУ «Лицей-интернат №24» НМР РТ","Физическая культура"]
[491834,"401024_16240521123_35","МБОУ \"Лицей-интернат №24\" НМР РТ",16240521123,"Филиппов","Александр","Сергеевич","м","20.09.2009","нет",8,8,3,100,"участник",null,"Петров Ринат Викторович","МБОУ «Лицей-интернат №24» НМР РТ","Физическая культура"]
[491835,"401024_17827613504_35","МБОУ \"Лицей-интернат №24\" НМР РТ",17827613504,"Хафизов","Тимур","Альбертович","м","03.04.2009","нет",8,8,4,100,"участник",null,"Петров Ринат Викторович","МБОУ «Лицей-интернат №24» НМР РТ","Физическая культура"]
[491836,"401024_15548679413_35","МБОУ \"Лицей-интернат №24\" НМР РТ",15548679413,"Шаяхметов","Самир","Ильясович","м","10.07.2009","нет",8,8,5,100,"участник",null,"Петров Ринат Викторович","МБОУ «Лицей-интернат №24» НМР РТ","Физическая культура"]
[491837,"401024_15913298184_35","МБОУ \"Лицей-интернат №24\" НМР РТ",15913298184,"Юсупов","Альмир","Маратович","м","19.04.2009","нет",8,8,6,100,"участник",null,"Петров Ринат Викторович","МБОУ «Лицей-интернат №24» НМР РТ","Физическая культура"]
[491838,"401024_18080824773_35","МБОУ \"Лицей-интернат №24\" НМР РТ",18080824773,"Юнусов","Эдуард","Ильназович","м","19.01.2009","нет",8,8,7,100,"участник",null,"Петров Ринат Викторович","МБОУ «Лицей-интернат №24» НМР РТ","Физическая культура"]
[491839,"401024_19133541559_35","МБОУ \"Лицей-интернат №24\" НМР РТ",19133541559,"Ягудин","Альфред","Альбертович","м","11.08.2009","нет",8,8,8,100,"участник",null,"Петров Ринат Викторович","МБОУ «Лицей-интернат №24» НМР РТ","Физическая культура"]
[491840,"401024_16379101373_35","МБОУ \"Лицей-интернат №24\" НМР РТ",16379101373,"Аллун","Абдульбари","Фейсалович","м","08.06.2008","нет",9,9,9,100,"участник",null,"Петров Ринат Викторович","МБОУ «Лицей-интернат №24» НМР РТ","Физическая культура"]
[491841,"401024_15790250882_35","МБОУ \"Лицей-интернат №24\" НМР РТ",15790250882,"Антропов","Артём","Игоревич","м","03.02.2008","нет",9,9,null,100,"участник",null,"Петров Ринат Викторович","МБОУ «Лицей-интернат №24» НМР РТ","Физическая культура"]
[491842,"401024_17247447988_35","МБОУ \"Лицей-интернат №24\" НМР РТ",17247447988,"Багавиев","Талгат","Рустамович","м","12.04.2008","нет",9,9,1,100,"участник",null,"Петров Ринат Викторович","МБОУ «Лицей-интернат №24» НМР РТ","Физическая культура"]
[491843,"401024_16346740172_35","МБОУ \"Лицей-интернат №24\" НМР РТ",16346740172,"Власьев","Илья","Владиславович","м","16.06.2008","нет",9,9,2,100,"участник",null,"Петров Ринат Викторович","МБОУ «Лицей-интернат №24» НМР РТ","Физическая культура"]
[491844,"401024_15276591285_35","МБОУ \"Лицей-интернат №24\" НМР РТ",15276591285,"Галиев","Рашид","Русланович","м","12.11.2008","нет",9,9,3,100,"участник",null,"Петров Ринат Викторович","МБОУ «Лицей-интернат №24» НМР РТ","Физическая культура"]
[491845,"401024_16248406466_35","МБОУ \"Лицей-интернат №24\" НМР РТ",16248406466,"Замалетдинов","Раиль","Маратович","м","08.07.2008","нет",9,9,4,100,"участник",null,"Петров Ринат Викторович","МБОУ «Лицей-интернат №24» НМР РТ","Физическая культура"]
[491846,"401024_15569625104_35","МБОУ \"Лицей-интернат №24\" НМР РТ",15569625104,"Зиганшин","Билал","Газинурович","м","17.12.2007","нет",9,9,5,100,"участник",null,"Петров Ринат Викторович","МБОУ «Лицей-интернат №24» НМР РТ","Физическая культура"]
[491847,"401024_18475852623_35","МБОУ \"Лицей-интернат №24\" НМР РТ",18475852623,"Ильин","Дмитрий","Викторович","м","24.06.2008","нет",9,9,6,100,"участник",null,"Петров Ринат Викторович","МБОУ «Лицей-интернат №24» НМР РТ","Физическая культура"]
[491848,"401024_14976219609_35","МБОУ \"Лицей-интернат №24\" НМР РТ",14976219609,"Ишмуратов","Булат","Ильсурович","м","14.02.2008","нет",9,9,7,100,"участник",null,"Петров Ринат Викторович","МБОУ «Лицей-интернат №24» НМР РТ","Физическая культура"]
[491849,"401024_15881194399_35","МБОУ \"Лицей-интернат №24\" НМР РТ",15881194399,"Казаков","Богдан","Денисович","м","26.11.08","нет",9,9,8,100,"участник",null,"Петров Ринат Викторович","МБОУ «Лицей-интернат №24» НМР РТ","Физическая культура"]
[491850,"401024_17436478497_35","МБОУ \"Лицей-интернат №24\" НМР РТ",17436478497,"Капралов","Дамир","Станиславович","м","31.03.08","нет",9,9,9,100,"участник",null,"Петров Ринат Викторович","МБОУ «Лицей-интернат №24» НМР РТ","Физическая культура"]
[491851,"401024_16696705625_35","МБОУ \"Лицей-интернат №24\" НМР РТ",16696705625,"Киямов","Самат","Рустемович","м","26.08.08","нет",9,9,4,100,"участник",null,"Петров Ринат Викторович","МБОУ «Лицей-интернат №24» НМР РТ","Физическая культура"]
[491852,"401024_16346751379_35","МБОУ \"Лицей-интернат №24\" НМР РТ",16346751379,"Козлов","Никита","Евгеньевич","м","08.07.08","нет",9,9,5,100,"участник",null,"Петров Ринат Викторович","МБОУ «Лицей-интернат №24» НМР РТ","Физическая культура"]
[491853,"401024_17744098807_35","МБОУ \"Лицей-интернат №24\" НМР РТ",17744098807,"Миндубаев","Тимур","Русланович","м","21.04.08","нет",9,9,6,100,"участник",null,"Петров Ринат Викторович","МБОУ «Лицей-интернат №24» НМР РТ","Физическая культура"]
[491854,"401024_15625364873_35","МБОУ \"Лицей-интернат №24\" НМР РТ",15625364873,"Михайлов","Данила","Евгеньевич","м","24.07.08","нет",9,9,7,100,"участник",null,"Петров Ринат Викторович","МБОУ «Лицей-интернат №24» НМР РТ","Физическая культура"]
[491855,"401024_16360834668_35","МБОУ \"Лицей-интернат №24\" НМР РТ",16360834668,"Мухаметшин","Самат","Рустамович","м","22.09.07","нет",9,9,8,100,"участник",null,"Петров Ринат Викторович","МБОУ «Лицей-интернат №24» НМР РТ","Физическая культура"]
[491856,"401024_15886230503_35","МБОУ \"Лицей-интернат №24\" НМР РТ",15886230503,"Садыков","Эмиль","Русланович","м","05.07.08","нет",9,9,9,100,"участник",null,"Петров Ринат Викторович","МБОУ «Лицей-интернат №24» НМР РТ","Физическая культура"]
[491857,"401024_16245448366_35","МБОУ \"Лицей-интернат №24\" НМР РТ",16245448366,"Тимченко","Иван","Андреевич","м","08.10.08","нет",9,9,null,100,"участник",null,"Петров Ринат Викторович","МБОУ «Лицей-интернат №24» НМР РТ","Физическая культура"]
[491858,"401024_17376854819_35","МБОУ \"Лицей-интернат №24\" НМР РТ",17376854819,"Фатыхов","Камиль","Ленарович","м","25.02.08","нет",9,9,1,100,"участник",null,"Петров Ринат Викторович","МБОУ «Лицей-интернат №24» НМР РТ","Физическая культура"]
[491859,"401024_15152956462_35","МБОУ \"Лицей-интернат №24\" НМР РТ",15152956462,"Шайхутдинов","Самир","Ильдарович","м","08.07.08","нет",9,9,2,100,"участник",null,"Петров Ринат Викторович","МБОУ «Лицей-интернат №24» НМР РТ","Физическая культура"]
[491860,"401024_16401741233_35","МБОУ \"Лицей-интернат №24\" НМР РТ",16401741233,"Яруллин","Ильяс","Фаязович","м","10.05.08","нет",9,9,3,100,"участник",null,"Петров Ринат Викторович","МБОУ «Лицей-интернат №24» НМР РТ","Физическая культура"]
[491861,"401024_16242352944_35","МБОУ \"Лицей-интернат №24\" НМР РТ",16242352944,"Акулинин","Александр","Сергеевич","м","24.12.08","нет",9,9,86,100,"победитель",null,"Петров Ринат Викторович","МБОУ «Лицей-интернат №24» НМР РТ","Физическая культура"]
[491862,"401024_17265344778_35","МБОУ \"Лицей-интернат №24\" НМР РТ",17265344778,"Большаков","Марк","Евгеньевич","м","05.11.08","нет",9,9,4,100,"участник",null,"Петров Ринат Викторович","МБОУ «Лицей-интернат №24» НМР РТ","Физическая культура"]
[491863,"401024_16560580576_35","МБОУ \"Лицей-интернат №24\" НМР РТ",16560580576,"Валиуллин","Ильяс","Альбертович","м","08.05.08","нет",9,9,5,100,"участник",null,"Петров Ринат Викторович","МБОУ «Лицей-интернат №24» НМР РТ","Физическая культура"]
[491864,"401024_17457487717_35","МБОУ \"Лицей-интернат №24\" НМР РТ",17457487717,"Галимуллин","Самат","Маратович","м","05.08.08","нет",9,9,6,100,"участник",null,"Петров Ринат Викторович","МБОУ «Лицей-интернат №24» НМР РТ","Физическая культура"]
[491865,"401024_15992349117_35","МБОУ \"Лицей-интернат №24\" НМР РТ",15992349117,"Галиуллин","Айрат","Маратович","м","18.11.07","нет",9,9,7,100,"участник",null,"Петров Ринат Викторович","МБОУ «Лицей-интернат №24» НМР РТ","Физическая культура"]
[491866,"401024_16501348440_35","МБОУ \"Лицей-интернат №24\" НМР РТ",16501348440,"Кашапов","Арсен","Русланович","м","09.07.08","нет",9,9,8,100,"участник",null,"Петров Ринат Викторович","МБОУ «Лицей-интернат №24» НМР РТ","Физическая культура"]
[491867,"401024_18049735593_35","МБОУ \"Лицей-интернат №24\" НМР РТ",18049735593,"Рустаев","Самир","Рустамович","м","01.09.08","нет",9,9,9,100,"участник",null,"Петров Ринат Викторович","МБОУ «Лицей-интернат №24» НМР РТ","Физическая культура"]
[491868,"401024_16089196193_35","МБОУ \"Лицей-интернат №24\" НМР РТ",16089196193,"Салихов","Самир","Фэнисович","м","08.03.08","нет",9,9,null,100,"участник",null,"Петров Ринат Викторович","МБОУ «Лицей-интернат №24» НМР РТ","Физическая культура"]
[491869,"401024_15114573533_35","МБОУ \"Лицей-интернат №24\" НМР РТ",15114573533,"Семенов","Дмитрий","Владимирович","м","17.05.08","нет",9,9,1,100,"участник",null,"Петров Ринат Викторович","МБОУ «Лицей-интернат №24» НМР РТ","Физическая культура"]
[491870,"401024_16042125919_35","МБОУ \"Лицей-интернат №24\" НМР РТ",16042125919,"Сукаев","Ильяс","Шамилевич","м","06.09.08","нет",9,9,2,100,"участник",null,"Петров Ринат Викторович","МБОУ «Лицей-интернат №24» НМР РТ","Физическая культура"]
[491871,"401024_17829845333_35","МБОУ \"Лицей-интернат №24\" НМР РТ",17829845333,"Тазеев","Ильшат","Илдарович","м","18.03.08","нет",9,9,3,100,"участник",null,"Петров Ринат Викторович","МБОУ «Лицей-интернат №24» НМР РТ","Физическая культура"]
[491872,"401024_15622642456_35","МБОУ \"Лицей-интернат №24\" НМР РТ",15622642456,"Тураев","Кирилл","Александрович","м","30.10.08","нет",9,9,4,100,"участник",null,"Петров Ринат Викторович","МБОУ «Лицей-интернат №24» НМР РТ","Физическая культура"]
[491873,"401024_17252787791_35","МБОУ \"Лицей-интернат №24\" НМР РТ",17252787791,"Усманов","Булат","Ильдарович","м","27.12.07","нет",9,9,5,100,"участник",null,"Петров Ринат Викторович","МБОУ «Лицей-интернат №24» НМР РТ","Физическая культура"]
[491874,"401024_16110469526_35","МБОУ \"Лицей-интернат №24\" НМР РТ",16110469526,"Хабибулин","Айдар","Рушанович","м","20.02.08","нет",9,9,6,100,"участник",null,"Петров Ринат Викторович","МБОУ «Лицей-интернат №24» НМР РТ","Физическая культура"]
[491875,"401024_20274337129_35","МБОУ \"Лицей-интернат №24\" НМР РТ",20274337129,"Хабибуллин","Руслан","Германович","м","11.10.07","нет",9,9,7,100,"участник",null,"Петров Ринат Викторович","МБОУ «Лицей-интернат №24» НМР РТ","Физическая культура"]
[491876,"401024_16098285597_35","МБОУ \"Лицей-интернат №24\" НМР РТ",16098285597,"Хисамиев","Ильяс","Ильнарович","м","06.01.09","нет",9,9,8,100,"участник",null,"Петров Ринат Викторович","МБОУ «Лицей-интернат №24» НМР РТ","Физическая культура"]
[491877,"401024_15565482997_35","МБОУ \"Лицей-интернат №24\" НМР РТ",15565482997,"Хузеев","Эльдар","Айратович","м","23.04.08","нет",9,9,9,100,"участник",null,"Петров Ринат Викторович","МБОУ «Лицей-интернат №24» НМР РТ","Физическая культура"]
[491878,"401024_17483963721_35","МБОУ \"Лицей-интернат №24\" НМР РТ",17483963721,"Шабуров","Тимур","Ринатович","м","03.05.08","нет",9,9,null,100,"участник",null,"Петров Ринат Викторович","МБОУ «Лицей-интернат №24» НМР РТ","Физическая культура"]
[491879,"401024_16619606388_35","МБОУ \"Лицей-интернат №24\" НМР РТ",16619606388,"Шульга","Ярослав","Андреевич","м","27.06.08","нет",9,9,1,100,"участник",null,"Петров Ринат Викторович","МБОУ «Лицей-интернат №24» НМР РТ","Физическая культура"]
[491880,"401024_15890818513_35","МБОУ \"Лицей-интернат №24\" НМР РТ",15890818513,"Якушев","Глеб","Евгеньевич","м","13.11.08","нет",9,9,2,100,"участник",null,"Петров Ринат Викторович","МБОУ «Лицей-интернат №24» НМР РТ","Физическая культура"]
[491881,"401024_14743090055_35","МБОУ \"Лицей-интернат №24\" НМР РТ",14743090055,"Айтуганов","Айдар","Ильдарович","м","10.08.07","нет",10,10,3,100,"участник",null,"Петров Ринат Викторович","МБОУ «Лицей-интернат №24» НМР РТ","Физическая культура"]
[491882,"401024_14607722762_35","МБОУ \"Лицей-интернат №24\" НМР РТ",14607722762,"Андреев","Валерий","Вячеславович","м","26.03.07","нет",10,10,4,100,"участник",null,"Петров Ринат Викторович","МБОУ «Лицей-интернат №24» НМР РТ","Физическая культура"]
[491883,"401024_16439413173_35","МБОУ \"Лицей-интернат №24\" НМР РТ",16439413173,"Григорьев","Эдуард","Васильевич","м","14.10.07","нет",10,10,5,100,"участник",null,"Петров Ринат Викторович","МБОУ «Лицей-интернат №24» НМР РТ","Физическая культура"]
[491884,"401024_14672104551_35","МБОУ \"Лицей-интернат №24\" НМР РТ",14672104551,"Калимуллин","Айзат","Наилович","м","26.06.07","нет",10,10,6,100,"участник",null,"Петров Ринат Викторович","МБОУ «Лицей-интернат №24» НМР РТ","Физическая культура"]
[491885,"401024_14596257702_35","МБОУ \"Лицей-интернат №24\" НМР РТ",14596257702,"Киямутдинов","Камиль","Айратович","м","26.02.07","нет",10,10,7,100,"участник",null,"Петров Ринат Викторович","МБОУ «Лицей-интернат №24» НМР РТ","Физическая культура"]
[491886,"401024_15560745473_35","МБОУ \"Лицей-интернат №24\" НМР РТ",15560745473,"Колзин","Матвей","Андреевич","м","25.06.07","нет",10,10,8,100,"участник",null,"Петров Ринат Викторович","МБОУ «Лицей-интернат №24» НМР РТ","Физическая культура"]
[491887,"401024_16004291215_35","МБОУ \"Лицей-интернат №24\" НМР РТ",16004291215,"Кузнецов","Амир","Игоревич","м","22.02.07","нет",10,10,9,100,"участник",null,"Петров Ринат Викторович","МБОУ «Лицей-интернат №24» НМР РТ","Физическая культура"]
[491888,"401024_14795700399_35","МБОУ \"Лицей-интернат №24\" НМР РТ",14795700399,"Обманщин","Евгений","Алексеевич","м","16.07.07","нет",10,10,null,100,"участник",null,"Петров Ринат Викторович","МБОУ «Лицей-интернат №24» НМР РТ","Физическая культура"]
[491889,"401024_15037474046_35","МБОУ \"Лицей-интернат №24\" НМР РТ",15037474046,"Сайфуллин","Рафаэль","Рамисович","м","23.01.07","нет",10,10,1,100,"участник",null,"Петров Ринат Викторович","МБОУ «Лицей-интернат №24» НМР РТ","Физическая культура"]
[491890,"401024_14478600377_35","МБОУ \"Лицей-интернат №24\" НМР РТ",14478600377,"Хамидуллин","Ислам","Альбертович","м","21.02.07","нет",10,10,2,100,"участник",null,"Петров Ринат Викторович","МБОУ «Лицей-интернат №24» НМР РТ","Физическая культура"]
[491891,"401024_15803263556_35","МБОУ \"Лицей-интернат №24\" НМР РТ",15803263556,"Хамидуллин","Райнур","Ринатович","м","05.12.06","нет",10,10,3,100,"участник",null,"Петров Ринат Викторович","МБОУ «Лицей-интернат №24» НМР РТ","Физическая культура"]
[491892,"401024_15833144162_35","МБОУ \"Лицей-интернат №24\" НМР РТ",15833144162,"Хисамеев","Камиль","Марселевич","м","05.01.07","нет",10,10,4,100,"участник",null,"Петров Ринат Викторович","МБОУ «Лицей-интернат №24» НМР РТ","Физическая культура"]
[491893,"401024_14497846113_35","МБОУ \"Лицей-интернат №24\" НМР РТ",14497846113,"Шакуров","Айзат","Рифатович","м","26.01.07","нет",10,10,5,100,"участник",null,"Петров Ринат Викторович","МБОУ «Лицей-интернат №24» НМР РТ","Физическая культура"]
[491894,"401024_15790268598_35","МБОУ \"Лицей-интернат №24\" НМР РТ",15790268598,"Швецов","Вячеслав","Евгеньевич","м","01.01.07","нет",10,10,6,100,"участник",null,"Петров Ринат Викторович","МБОУ «Лицей-интернат №24» НМР РТ","Физическая культура"]
[491895,"401024_14818560484_35","МБОУ \"Лицей-интернат №24\" НМР РТ",14818560484,"Абдуллин","Данис","Зуфарович","м","29.10.07","нет",10,10,7,100,"участник",null,"Петров Ринат Викторович","МБОУ «Лицей-интернат №24» НМР РТ","Физическая культура"]
[491896,"401024_17822870398_35","МБОУ \"Лицей-интернат №24\" НМР РТ",17822870398,"Гайсин","Рамазан","Салаватович","м","01.09.07","нет",10,10,8,100,"участник",null,"Петров Ринат Викторович","МБОУ «Лицей-интернат №24» НМР РТ","Физическая культура"]
[491897,"401024_15992338920_35","МБОУ \"Лицей-интернат №24\" НМР РТ",15992338920,"Кожевников","Павел","Александрович","м","08.05.07","нет",10,10,9,100,"участник",null,"Петров Ринат Викторович","МБОУ «Лицей-интернат №24» НМР РТ","Физическая культура"]
[491898,"401024_16020767634_35","МБОУ \"Лицей-интернат №24\" НМР РТ",16020767634,"Кудашев","Камиль","Азатович","м","15.04.08","нет",10,10,null,100,"участник",null,"Петров Ринат Викторович","МБОУ «Лицей-интернат №24» НМР РТ","Физическая культура"]
[491899,"401024_14727365783_35","МБОУ \"Лицей-интернат №24\" НМР РТ",14727365783,"Насибуллин","Карим","Маратович","м","14.08.07","нет",10,10,1,100,"участник",null,"Петров Ринат Викторович","МБОУ «Лицей-интернат №24» НМР РТ","Физическая культура"]
[491900,"401024_15414674257_35","МБОУ \"Лицей-интернат №24\" НМР РТ",15414674257,"Сабиров","Айнур","Наилевич","м","18.10.07","нет",10,10,2,100,"участник",null,"Петров Ринат Викторович","МБОУ «Лицей-интернат №24» НМР РТ","Физическая культура"]
[491901,"401024_15731887696_35","МБОУ \"Лицей-интернат №24\" НМР РТ",15731887696,"Хазиев","Айдар","Алмазович","м","14.03.07","нет",10,10,3,100,"участник",null,"Петров Ринат Викторович","МБОУ «Лицей-интернат №24» НМР РТ","Физическая культура"]
[491902,"401024_15586260289_35","МБОУ \"Лицей-интернат №24\" НМР РТ",15586260289,"Шарифуллин","Булат","Анасович","м","12.03.08","нет",10,10,4,100,"участник",null,"Петров Ринат Викторович","МБОУ «Лицей-интернат №24» НМР РТ","Физическая культура"]
[491903,"401024_15833129873_35","МБОУ \"Лицей-интернат №24\" НМР РТ",15833129873,"Архипов","Вадим","Александрович","м","04.08.06","нет",11,11,5,100,"участник",null,"Петров Ринат Викторович","МБОУ «Лицей-интернат №24» НМР РТ","Физическая культура"]
[491904,"401024_17918141798_35","МБОУ \"Лицей-интернат №24\" НМР РТ",17918141798,"Гафаров","Тимур","Бахтиярович","м","06.10.06","нет",11,11,6,100,"участник",null,"Петров Ринат Викторович","МБОУ «Лицей-интернат №24» НМР РТ","Физическая культура"]
[491905,"401024_18629835728_35","МБОУ \"Лицей-интернат №24\" НМР РТ",18629835728,"Зейтулаев","Яхъя","Ибраим огълу","м","02.03.07","нет",11,11,7,100,"участник",null,"Петров Ринат Викторович","МБОУ «Лицей-интернат №24» НМР РТ","Физическая культура"]
[491906,"401024_15644832887_35","МБОУ \"Лицей-интернат №24\" НМР РТ",15644832887,"Ибрагимов","Эмиль","Айратович","м","07.06.06","нет",11,11,8,100,"участник",null,"Петров Ринат Викторович","МБОУ «Лицей-интернат №24» НМР РТ","Физическая культура"]
[491907,"401024_15909028583_35","МБОУ \"Лицей-интернат №24\" НМР РТ",15909028583,"Идиятов","Ильнар","Рафаэлевич","м","23.06.06","нет",11,11,9,100,"участник",null,"Петров Ринат Викторович","МБОУ «Лицей-интернат №24» НМР РТ","Физическая культура"]
[491908,"401024_15960505784_35","МБОУ \"Лицей-интернат №24\" НМР РТ",15960505784,"Кузьмин","Артём","Дмитриевич","м","04.09.06","нет",11,11,null,100,"участник",null,"Петров Ринат Викторович","МБОУ «Лицей-интернат №24» НМР РТ","Физическая культура"]
[491909,"401024_15790675005_35","МБОУ \"Лицей-интернат №24\" НМР РТ",15790675005,"Марданов","Самир","Ришатович","м","02.12.06","нет",11,11,1,100,"участник",null,"Петров Ринат Викторович","МБОУ «Лицей-интернат №24» НМР РТ","Физическая культура"]
[491910,"401024_15059432658_35","МБОУ \"Лицей-интернат №24\" НМР РТ",15059432658,"Мингазов","Эмир","Алмазович","м","24.04.06","нет",11,11,2,100,"участник",null,"Петров Ринат Викторович","МБОУ «Лицей-интернат №24» НМР РТ","Физическая культура"]
[491911,"401024_15792552605_35","МБОУ \"Лицей-интернат №24\" НМР РТ",15792552605,"Миннегулов","Айназ","Райнурович","м","26.03.06","нет",11,11,3,100,"участник",null,"Петров Ринат Викторович","МБОУ «Лицей-интернат №24» НМР РТ","Физическая культура"]
[491912,"401024_15792553405_35","МБОУ \"Лицей-интернат №24\" НМР РТ",15792553405,"Назаров","Тимур","Дмитриевич","м","16.03.06","нет",11,11,11,100,"участник",null,"Петров Ринат Викторович","МБОУ «Лицей-интернат №24» НМР РТ","Физическая культура"]
[491913,"401024_15833138571_35","МБОУ \"Лицей-интернат №24\" НМР РТ",15833138571,"Носов","Владислав","Дмитриевич","м","23.12.05","нет",11,11,12,100,"участник",null,"Петров Ринат Викторович","МБОУ «Лицей-интернат №24» НМР РТ","Физическая культура"]
[491914,"401024_18567934535_35","МБОУ \"Лицей-интернат №24\" НМР РТ",18567934535,"Садиков","Сыддыкъ-Рамазан","Ленур огълу","м","01.10.06","нет",11,11,21,100,"участник",null,"Петров Ринат Викторович","МБОУ «Лицей-интернат №24» НМР РТ","Физическая культура"]
[491915,"401024_15647708194_35","МБОУ \"Лицей-интернат №24\" НМР РТ",15647708194,"Ситдиков","Динар","Раилевич","м","24.07.06","нет",11,11,98,100,"победитель",null,"Петров Ринат Викторович","МБОУ «Лицей-интернат №24» НМР РТ","Физическая культура"]
[491916,"401024_15823921176_35","МБОУ \"Лицей-интернат №24\" НМР РТ",15823921176,"Хисматуллин","Арслан","Рифатович","м","31.08.06","нет",11,11,13,100,"участник",null,"Петров Ринат Викторович","МБОУ «Лицей-интернат №24» НМР РТ","Физическая культура"]
[491917,"401024_16004283620_35","МБОУ \"Лицей-интернат №24\" НМР РТ",16004283620,"Шайхвалиев","Глеб","Айдарович","м","08.06.06","нет",11,11,14,100,"участник",null,"Петров Ринат Викторович","МБОУ «Лицей-интернат №24» НМР РТ","Физическая культура"]
[491918,"401024_18225455367_35","МБОУ \"Лицей-интернат №24\" НМР РТ",18225455367,"Ярославлев","Артём","Дмитриевич","м","02.11.06","нет",11,11,15,100,"участник",null,"Петров Ринат Викторович","МБОУ «Лицей-интернат №24» НМР РТ","Физическая культура"]
[491919,"401024_15834784405_35","МБОУ \"Лицей-интернат №24\" НМР РТ",15834784405,"Ахмедшин","Айнур","Ильшатович","м","31.07.06","нет",11,11,16,100,"участник",null,"Петров Ринат Викторович","МБОУ «Лицей-интернат №24» НМР РТ","Физическая культура"]
[491920,"401024_16010927018_35","МБОУ \"Лицей-интернат №24\" НМР РТ",16010927018,"Ашрапов","Мухамад","Ильгизович","м","10.09.06","нет",11,11,96,100,"призер",null,"Петров Ринат Викторович","МБОУ «Лицей-интернат №24» НМР РТ","Физическая культура"]
[491921,"401024_15881019381_35","МБОУ \"Лицей-интернат №24\" НМР РТ",15881019381,"Бадретдинов","Ильнар","Русланович","м","04.02.07","нет",11,11,1,100,"участник",null,"Петров Ринат Викторович","МБОУ «Лицей-интернат №24» НМР РТ","Физическая культура"]
[491922,"401024_15708172167_35","МБОУ \"Лицей-интернат №24\" НМР РТ",15708172167,"Зарипов","Самат","Азатович","м","10.11.05","нет",11,11,2,100,"участник",null,"Петров Ринат Викторович","МБОУ «Лицей-интернат №24» НМР РТ","Физическая культура"]
[491923,"401024_15992723014_35","МБОУ \"Лицей-интернат №24\" НМР РТ",15992723014,"Зиньков","Андрей","Александрович","м","08.05.06","нет",11,11,3,100,"участник",null,"Петров Ринат Викторович","МБОУ «Лицей-интернат №24» НМР РТ","Физическая культура"]
[491924,"401024_16007703934_35","МБОУ \"Лицей-интернат №24\" НМР РТ",16007703934,"Зотов","Павел","Васильевич","м","01.08.06","нет",11,11,4,100,"участник",null,"Петров Ринат Викторович","МБОУ «Лицей-интернат №24» НМР РТ","Физическая культура"]
[491925,"401024_15817975011_35","МБОУ \"Лицей-интернат №24\" НМР РТ",15817975011,"Мартазов","Иван","Николаевич","м","07.07.06","нет",11,11,5,100,"участник",null,"Петров Ринат Викторович","МБОУ «Лицей-интернат №24» НМР РТ","Физическая культура"]
[491926,"401024_16004287527_35","МБОУ \"Лицей-интернат №24\" НМР РТ",16004287527,"Налимов","Вадим","Павлович","м","07.10.06","нет",11,11,6,100,"участник",null,"Петров Ринат Викторович","МБОУ «Лицей-интернат №24» НМР РТ","Физическая культура"]
[491927,"401024_17723218572_35","МБОУ \"Лицей-интернат №24\" НМР РТ",17723218572,"Мифтахутдинов","Карим","Ренатович","м","03.05.06","нет",11,11,7,100,"участник",null,"Петров Ринат Викторович","МБОУ «Лицей-интернат №24» НМР РТ","Физическая культура"]
[491928,"401024_20319032103_35","МБОУ \"Лицей-интернат №24\" НМР РТ",20319032103,"Низамов","Данияр","Салаватович","м","06.12.05","нет",11,11,8,100,"участник",null,"Петров Ринат Викторович","МБОУ «Лицей-интернат №24» НМР РТ","Физическая культура"]
[491929,"401024_16115529543_35","МБОУ \"Лицей-интернат №24\" НМР РТ",16115529543,"Окунев","Павел","Олегович","м","27.09.06","нет",11,11,96,100,"призер",null,"Петров Ринат Викторович","МБОУ «Лицей-интернат №24» НМР РТ","Физическая культура"]
[491930,"401024_14570267663_35","МБОУ \"Лицей-интернат №24\" НМР РТ",14570267663,"Проводин","Иван","Сергеевич","м","30.03.07","нет",11,11,9,100,"участник",null,"Петров Ринат Викторович","МБОУ «Лицей-интернат №24» НМР РТ","Физическая культура"]
[491931,"401024_15797386740_35","МБОУ \"Лицей-интернат №24\" НМР РТ",15797386740,"Садыков","Артур","Русланович","м","25.05.06","нет",11,11,null,100,"участник",null,"Петров Ринат Викторович","МБОУ «Лицей-интернат №24» НМР РТ","Физическая культура"]
[491932,"401024_15817976417_35","МБОУ \"Лицей-интернат №24\" НМР РТ",15817976417,"Сибгатуллин","Камиль","Ленарович","м","13.01.06","нет",11,11,10,100,"участник",null,"Петров Ринат Викторович","МБОУ «Лицей-интернат №24» НМР РТ","Физическая культура"]
[491933,"401024_18238851901_35","МБОУ \"Лицей-интернат №24\" НМР РТ",18238851901,"Сидияров","Роман","Николаевич","м","19.03.06","нет",11,11,11,100,"участник",null,"Петров Ринат Викторович","МБОУ «Лицей-интернат №24» НМР РТ","Физическая культура"]
[491934,"401024_15824216665_35","МБОУ \"Лицей-интернат №24\" НМР РТ",15824216665,"Фаттахов","Адель","Айдарович","м","22.05.06","нет",11,11,12,100,"участник",null,"Петров Ринат Викторович","МБОУ «Лицей-интернат №24» НМР РТ","Физическая культура"]
[491935,"401024_15796808028_35","МБОУ \"Лицей-интернат №24\" НМР РТ",15796808028,"Шамсутдинов","Альберт","Салаватович","м","10.08.06","нет",11,11,13,100,"участник",null,"Петров Ринат Викторович","МБОУ «Лицей-интернат №24» НМР РТ","Физическая культура"]
[491936,"401024_17334863988_35","МБОУ \"Лицей-интернат №24\" НМР РТ",17334863988,"Халиуллин","Тимерлан","Робертович","м","17.02.09","нет",9,9,14,100,"участник",null,"Петров Ринат Викторович","МБОУ «Лицей-интернат №24» НМР РТ","Физическая культура"]
[491937,"401024_16513856778_35","МБОУ \"Лицей-интернат №24\" НМР РТ",16513856778,"Шигапов","Тимур","Азатович","м","23.02.11","нет",6,6,15,100,"участник",null,"Петров Ринат Викторович","МБОУ «Лицей-интернат №24» НМР РТ","Физическая культура"]
[491938,"401024_16807243275_35","МБОУ \"Лицей-интернат №24\" НМР РТ",16807243275,"Ахметзянов","Камиль","Рустемович","м","23.08.11","нет",6,6,16,100,"участник",null,"Петров Ринат Викторович","МБОУ «Лицей-интернат №24» НМР РТ","Физическая культура"]
[491939,"401024_16913998523_35","МБОУ \"Лицей-интернат №24\" НМР РТ",16913998523,"Калашников","Михаил","Александрович","м","25.10.11","нет",6,6,4,100,"участник",null,"Петров Ринат Викторович","МБОУ «Лицей-интернат №24» НМР РТ","Физическая культура"]
[491940,"401024_16407939284_35","МБОУ \"Лицей-интернат №24\" НМР РТ",16407939284,"Гараев","Салих","Радикович","м","02.02.11","нет",6,6,5,100,"участник",null,"Петров Ринат Викторович","МБОУ «Лицей-интернат №24» НМР РТ","Физическая культура"]
[491941,"401024_16358468602_35","МБОУ \"Лицей-интернат №24\" НМР РТ",16358468602,"Шамилов","Юсуф","Ильнарович","м","28.10.10","нет",6,6,6,100,"участник",null,"Петров Ринат Викторович","МБОУ «Лицей-интернат №24» НМР РТ","Физическая культура"]
[491942,"401024_15902076761_35","МБОУ \"Лицей-интернат №24\" НМР РТ",15902076761,"Ахметов","Аяз","Фанилович","м","18.04.10","нет",7,7,7,100,"участник",null,"Петров Ринат Викторович","МБОУ «Лицей-интернат №24» НМР РТ","Физическая культура"]
[491943,"401024_19487156223_35","МБОУ \"Лицей-интернат №24\" НМР РТ",19487156223,"Аюпов","Амир","Динарович","м","19.09.10","нет",7,7,8,100,"участник",null,"Петров Ринат Викторович","МБОУ «Лицей-интернат №24» НМР РТ","Физическая культура"]
[491944,"401024_16156354664_35","МБОУ \"Лицей-интернат №24\" НМР РТ",16156354664,"Вазиев","Ислам","Русланович","м","29.07.10","нет",7,7,9,100,"участник",null,"Петров Ринат Викторович","МБОУ «Лицей-интернат №24» НМР РТ","Физическая культура"]
[491945,"401024_15708172066_35","МБОУ \"Лицей-интернат №24\" НМР РТ",15708172066,"Зарипов","Анвар","Азатович","м","03.12.09","нет",7,7,4,100,"участник",null,"Петров Ринат Викторович","МБОУ «Лицей-интернат №24» НМР РТ","Физическая культура"]
[491946,"401024_15849929941_35","МБОУ \"Лицей-интернат №24\" НМР РТ",15849929941,"Бикулов","Степан","Александрович","м","05.03.10","нет",7,7,5,100,"участник",null,"Петров Ринат Викторович","МБОУ «Лицей-интернат №24» НМР РТ","Физическая культура"]
[491947,"401024_16122787152_35","МБОУ \"Лицей-интернат №24\" НМР РТ",16122787152,"Шаймуратов","Азамат","Ильгизович","м","04.04.10","нет",7,7,6,100,"участник",null,"Петров Ринат Викторович","МБОУ «Лицей-интернат №24» НМР РТ","Физическая культура"]
[491948,"401024_16358509085_35","МБОУ \"Лицей-интернат №24\" НМР РТ",16358509085,"Хузеев","Зульфат","Альбертович","м","23.04.10","нет",7,7,7,100,"участник",null,"Петров Ринат Викторович","МБОУ «Лицей-интернат №24» НМР РТ","Физическая культура"]
[491949,"401024_16228991491_35","МБОУ \"Лицей-интернат №24\" НМР РТ",16228991491,"Тагиров","Анвар","Динарович","м","15.09.10","нет",7,7,8,100,"участник",null,"Петров Ринат Викторович","МБОУ «Лицей-интернат №24» НМР РТ","Физическая культура"]
[491950,"401024_16745715297_35","МБОУ \"Лицей-интернат №24\" НМР РТ",16745715297,"Сунгатов","Ильсур","Русланович","м","27.03.09","нет",8,8,9,100,"участник",null,"Петров Ринат Викторович","МБОУ «Лицей-интернат №24» НМР РТ","Физическая культура"]
[491951,"401024_15909882924_35","МБОУ \"Лицей-интернат №24\" НМР РТ",15909882924,"Ахметзянов","Саид","Ленарович","м","28.12.08","нет",8,8,null,100,"участник",null,"Петров Ринат Викторович","МБОУ «Лицей-интернат №24» НМР РТ","Физическая культура"]
[491952,"401024_17379814216_35","МБОУ \"Лицей-интернат №24\" НМР РТ",17379814216,"Упаев","Семён","Альбертович","м","04.02.09","нет",8,8,1,100,"участник",null,"Петров Ринат Викторович","МБОУ «Лицей-интернат №24» НМР РТ","Физическая культура"]
[491953,"401024_15305359544_35","МБОУ \"Лицей-интернат №24\" НМР РТ",15305359544,"Бурганов","Карим","Ильгизович","м","15.02.08","нет",9,9,2,100,"участник",null,"Петров Ринат Викторович","МБОУ «Лицей-интернат №24» НМР РТ","Физическая культура"]